Statistics for Country and Capital Neighbour Connect with Disappearing World Map: Closest to Greenwich Meridian along Parallels

Click here to take the quiz!

General Stats

  • This quiz has been taken 43 times
  • The average score is 227 of 392

Answer Stats

Hint Hint Country/Capital % Correct
37786London
100%
37786United Kingdom
93%
384118.7Andorra la Vella
81%
384118.7Andorra
81%
39191Belgium
78%
39386.9Netherlands
78%
39191Brussels
78%
39386.9Amsterdam
78%
372127.5Spain
78%
386105Paris
78%
386105France
78%
408.5113.9San Marino (cap)
74%
414.2100.9Austria
74%
408.5113.9San Marino
74%
408.5120.7Vatican City (cap)
74%
402103.1Liechtenstein
74%
408.5120.7Vatican City
74%
416.4124.2Rome
74%
416.4124.2Italy
74%
394.394.2Luxembourg
74%
40489.9Germany
74%
402103.1Vaduz
74%
40489.9Berlin
74%
394.394.2Luxembourg (cap)
74%
398.4103.5Bern
74%
398.4103.5Switzerland
74%
378.2234.5Ghana
70%
383232.4Togo
70%
383232.4Lomé
70%
377219Burkina Faso
70%
378.2234.5Accra
70%
385.7225Benin
70%
385.7225Porto-Novo
70%
459157Jerusalem
70%
461.7146.8Beirut
70%
398230.8Abuja
70%
461.7146.8Lebanon
70%
447171.3Egypt
70%
403.3203.9Niamey
70%
419.3172.9Tripoli
70%
377219Ouagadougou
70%
353.3224.2Guinea
70%
366153.5Rabat
70%
372127.5Madrid
70%
354195.5Nouakchott
70%
347212Senegal
70%
359.2239.6Liberia
70%
467143Damascus
70%
366153.5Morocco
70%
354195.5Mauritania
70%
384.2167.2Algiers
70%
403.3203.9Niger
70%
384.2167.2Algeria
70%
377202.2Mali
70%
377202.2Bamako
70%
368235.9Yamoussoukro
70%
398230.8Nigeria
70%
368235.9Cote d'Ivoire
70%
418108Zagreb
70%
413106.5Ljubljana
70%
42398Slovakia
70%
418108Croatia
70%
421113Bosnia and Herzegovina
70%
423.7117.8Podgorica
70%
421113Sarajevo
70%
423.687.1Warsaw
70%
423.687.1Poland
70%
413106.5Slovenia
70%
460.3130.6Turkey
70%
414.2100.9Vienna
70%
41493.8Prague
70%
42398Bratislava
70%
41493.8Czech Republic
70%
423.7117.8Montenegro
70%
424.4103.1Budapest
70%
437.8117.9Bulgaria
70%
436.7107.1Romania
70%
429.5121.7Macedonia
70%
430129Greece
70%
430129Athens
70%
460.3130.6Ankara
70%
427.6113Belgrade
70%
429.5121.7Skopje
70%
437.8117.9Sofia
70%
427.5118.5Kosovo
70%
427.5118.5Pristina
70%
424.4103.1Hungary
70%
425.5124Tirana
70%
427.6113Serbia
70%
425.5124Albania
70%
433267.2Kinshasa
67%
416.9260.5Republic of the Congo
67%
420301.2Luanda
67%
407247Cameroon
67%
404255.8Equatorial Guinea
67%
420301.2Angola
67%
416.9260.5Brazzaville
67%
444360.5Lesotho
67%
431365Pretoria
67%
444360.5Maseru
67%
406.5264Libreville
67%
435336.1Gaborone
67%
435336.1Botswana
67%
418328Namibia
67%
431365South Africa
67%
418328Windhoek
67%
406.5264Gabon
67%
353.3224.2Conakry
67%
347.7220.3Bissau
67%
347212Dakar
67%
354232.9Freetown
67%
354232.9Sierra Leone
67%
404255.8Malabo
67%
359.2239.6Monrovia
67%
344216Gambia
67%
347.7220.3Guinea-Bissau
67%
419.3172.9Libya
67%
422.6209.4N'Djamena
67%
344216Banjul
67%
401148Tunisia
67%
401148Tunis
67%
361.7127.6Lisbon
67%
361.7127.6Portugal
67%
407247Yaoundé
67%
450.696Ukraine
63%
444.4102Chișinău
63%
444.4102Moldova
63%
479120Tbilisi
63%
501.3152.5Iran
63%
436.7107.1Bucharest
63%
487.6125Baku
63%
487.6125Azerbaijan
63%
480.5125Armenia
63%
43964.8Tallinn
63%
43964.8Estonia
63%
43870.6Riga
63%
513130.6Ashgabat
63%
43870.6Latvia
63%
434.376.3Lithuania
63%
443.481.2Belarus
63%
443.481.2Minsk
63%
434.376.3Vilnius
63%
450.696Kiev
63%
545.2133.5Tajikistan
63%
57752Russia
63%
535.7164.2Islamabad
63%
535.7164.2Pakistan
63%
569.8166.5Nepal
63%
556185.9India
63%
614.2104.1Mongolia
63%
615140.9China
63%
569.8166.5Kathmandu
63%
528149.2Kabul
63%
528149.2Afghanistan
63%
525122.5Uzbekistan
63%
513130.6Turkmenistan
63%
533100Kazakhstan
63%
525122.5Tashkent
63%
545.2133.5Dushanbe
63%
548122Kyrgyzstan
63%
548122Bishkek
63%
533100Astana
63%
556185.9New Delhi
63%
467143Syria
63%
462.3158.9Amman
63%
447171.3Cairo
63%
462.3158.9Jordan
63%
478.8149.9Iraq
63%
487162.9Kuwait
63%
482.1179.9Saudi Arabia
63%
478.8149.9Baghdad
63%
448.5209.5Sudan
63%
427.6239Central African Republic
63%
451.3350.1Swaziland
63%
451.3350.1Mbabane
63%
43752Helsinki
63%
467309.5Maputo
63%
438310Zambia
63%
422.6209.4Chad
63%
427.6239Bangui
63%
433267.2Democratic Republic of the Congo
63%
487162.9Kuwait City
63%
459157Israel
63%
57752Moscow
63%
479120Georgia
63%
480.5125Yerevan
63%
401.757Oslo
63%
401.757Norway
63%
43752Finland
63%
482.1179.9Riyadh
63%
414.360.5Sweden
63%
501.3152.5Tehran
63%
414.360.5Stockholm
63%
509.33187.2Oman
63%
488.3208.2Sana'a
63%
495.7176.2Doha
63%
502182.5Abu Dhabi
63%
488.3208.2Yemen
63%
502182.5United Arab Emirates
63%
495.7176.2Qatar
63%
509.33187.2Muscat
63%
638.6246.1Bandar Seri Begawan
59%
635.5264Indonesia
59%
638.6246.1Brunei
59%
635.5264Jakarta
59%
664.3290.8Dili
59%
616219.1Phnom Penh
59%
610.3247.2Kuala Lumpur
59%
610.3247.2Malaysia
59%
449.6239.5South Sudan
59%
453.1256.6Uganda
59%
447.8267.7Kigali
59%
624.3219.9Vietnam
59%
449.6239.5Juba
59%
448.5209.5Khartoum
59%
703.7282.4Port Moresby
59%
703.7282.4Papua New Guinea
59%
664.3290.8East Timor
59%
583181.8Bangladesh
59%
665.7127Pyongyang
59%
669139Seoul
59%
669139South Korea
59%
584.1169.4Bhutan
59%
584.1169.4Thimphu
59%
614.2104.1Ulaanbaatar
59%
616219.1Cambodia
59%
615140.9Beijing
59%
597188.5Myanmar
59%
665.7127North Korea
59%
610.3194.9Laos
59%
608207.9Thailand
59%
608207.9Bangkok
59%
610.3194.9Vientiane
59%
624.3219.9Hanoi
59%
597188.5Naypyidaw
59%
583181.8Dhaka
59%
248.9339.7Asunción
56%
266294Brazil
56%
248.9339.7Paraguay
56%
234373Argentina
56%
234373Buenos Aires
56%
266294Brasília
56%
236319Bolivia
56%
397.2114.5Monaco
56%
397.2114.5Monaco (cap)
56%
254.9370.2Montevideo
56%
254.9370.2Uruguay
56%
254.4248.1Suriname
56%
254.4248.1Paramaribo
56%
248242Guyana
56%
232235Caracas
56%
401.573.5Copenhagen
56%
232235Venezuela
56%
216.3247.5Colombia
56%
218384Santiago
56%
236319La Paz
56%
208292Peru
56%
218384Chile
56%
248242Georgetown
56%
438310Lusaka
56%
447325Zimbabwe
56%
467309.5Mozambique
56%
456307Lilongwe
56%
459.1282.5Tanzania
56%
453.1256.6Kampala
56%
401.573.5Denmark
56%
447.8272.6Bujumbura
56%
447.8272.6Burundi
56%
447.8267.7Rwanda
56%
456307Malawi
56%
447325Harare
56%
476.4221.6Djibouti
56%
470234.2Ethiopia
56%
459.1282.5Dodoma
56%
488230Mogadishu
56%
488230Somalia
56%
466.3209.2Eritrea
56%
476.4221.6Djibouti (cap)
56%
466.3209.2Asmara
56%
465.8259.9Nairobi
56%
465.8259.9Kenya
56%
470234.2Addis Ababa
56%
180.4215El Salvador
52%
184.5210.7Tegucigalpa
52%
180.9203.6Belize
52%
184.5210.7Honduras
52%
180.4215San Salvador
52%
188.2218.1Managua
52%
177.4210Guatemala City
52%
180.9203.6Belmopan
52%
177.4210Guatemala
52%
204265.5Ecuador
52%
208292Lima
52%
192228San José
52%
198232.5Panama City
52%
204265.5Quito
52%
216.3247.5Bogotá
52%
192228Costa Rica
52%
188.2218.1Nicaragua
52%
198232.5Panama
52%
36382.5Ireland
48%
395.5260.6São Tomé and Príncipe
48%
34143Iceland
48%
36382.5Dublin
48%
395.5260.6São Tomé
48%
34143Reykjavík
48%
151182Mexico
48%
151182Mexico City
48%
153129Washington D.C.
48%
14366Canada
48%
153129United States
48%
14366Ottawa
48%
455.3143.7Nicosia
44%
455.3143.7Cyprus
44%
326.7206.9Cape Verde
44%
412.9141.1Malta
44%
412.9141.1Valletta
44%
326.7206.9Praia
44%
239.4203.4Basseterre
41%
239.4203.4Saint Kitts and Nevis
41%
242.7216.8Kingstown
41%
243.2214.6Castries
41%
243.2214.6Saint Lucia
41%
242.5226.6Trinidad and Tobago
41%
242.7216.8Saint Vincent and the Grenadines
41%
209180.9Bahamas
41%
218196Port-au-Prince
41%
209180.9Nassau
41%
218196Haiti
41%
221197Dominican Republic
41%
242.5226.6Port-of-Spain
41%
221197Santo Domingo
41%
242.4209.5Roseau
41%
510.1329.1Mauritius
41%
494.3174Manama
41%
494.3174Bahrain
41%
486324.3Antananarivo
41%
486324.3Madagascar
41%
479.4301.4Moroni
41%
479.4301.4Comoros
41%
505.5277Victoria
41%
510.1329.1Port Louis
41%
241.4204Antigua and Barbuda
41%
241.4204Saint John's
41%
246.5217Barbados
41%
246.5217Bridgetown
41%
505.5277Seychelles
41%
242.4209.5Dominica
41%
545.9248.9Maldives
37%
545.9248.9Malé
37%
206200.2Jamaica
37%
562235.3Sri Lanka
37%
562235.3Sri Jayawardenepura Kotte
37%
206190.2Cuba
37%
241.6220.6Saint George's
37%
206200.2Kingston
37%
241.6220.6Grenada
37%
206190.2Havana
37%
798.1328.7Nukuʻalofa
33%
680.5241.3Palau
33%
657220.6Philippines
33%
798.1328.7Tonga
33%
680.5241.3Ngerulmud
33%
755.5318.6Vanuatu
33%
657220.6Manila
33%
782.9320.1Suva
33%
782.9320.1Fiji
33%
755.5318.6Port Vila
33%
614.2256.7Singapore
33%
776.7391.9Wellington
33%
776.7391.9New Zealand
33%
652.9182.1Taiwan
33%
693.3140Japan
33%
693.3140Tokyo
33%
652.9182.1Taipei
33%
683342Canberra
33%
683342Australia
33%
614.2256.7Singapore (cap)
33%
717.7235.2Palikir
30%
717.7235.2Federated States of Micronesia
30%
742.1295Solomon Islands
30%
742.1295Honiara
30%
802.8307.7Samoa
30%
802.8307.7Apia
30%
756.2263.4Yaren
26%
21272South Tarawa
26%
756.2263.4Nauru
26%
21272Kiribati
26%
804.5282.8Funafuti
26%
760.6232.2Marshall Islands
26%
760.6232.2Majuro
26%
804.5282.8Tuvalu
26%

Score Distribution

Percentile by Number Answered

Percent of People with Each Score

Your Score History

You have not taken this quiz